[Event "France-ch U10"]
[Site "Reims"]
[Date "2004.04.20"]
[Round "4"]
[White "Gattullo, Ellia"]
[Black "Sochacki, Christophe"]
[Result "0-1"]
[WhiteElo "1540"]
[BlackElo "1730"]
[PlyCount "56"]
[EventDate "2004.04.??"]
[EventType "swiss"]
[EventRounds "9"]
[EventCountry "FRA"]
[SourceTitle "EXT 2005"]
[Source "ChessBase"]
[SourceDate "2004.11.15"]
[SourceVersion "1"]
[SourceVersionDate "2004.11.15"]
[SourceQuality "1"]

1. c4 e6 2. d4 f5 3. g3 Nf6 4. Bg2 Bb4+ 5. Bd2 Bxd2+ 6. Nxd2 d5 7. Ngf3 c5 8. dxc5 Na6 9. cxd5 exd5 10. Nb3 Nxc5 11. Nxc5 Qa5+ 12. Qd2 Qxc5 13. Rc1 Qb6 14. 0-0 0-0 15. Rfd1 Be6 16. e3 Ne4 17. Qe2 Rac8 18. Nd4 Bd7 19. Nb3 Bb5 20. Qh5 Bc4 21. Bxe4 fxe4 22. Qe5 Rc6 23. Nd2 Bxa2 24. Rxc6 Qxc6 25. Ra1 Bc4 26. Nxc4 Qxc4 27. Rxa7 Qe2 28. Rxb7 Qxf2+ 0-1